US Cities that Print Dollar Bills (with a map) - Statistics

General Stats
  • This quiz has been taken 484 times
    476 since last reset
  • The average score is 11 of 12
Answers on the Map
Answers color-coded by a green-red scale on the quiz's map according to % correct below.
 
Answer Stats
District City % Correct
6 Atlanta
96%
1 Boston
96%
7 Chicago
96%
11 Dallas
95%
12 San Francisco
95%
2 New York
94%
3 Philadelphia
91%
9 Minneapolis
89%
10 Kansas City
88%
4 Cleveland
85%
8 St. Louis
83%
5 Richmond
81%
No matching quizzes found
Score Distribution
Percent of People with Each Score
Percentile by Number Answered
Your Score History
You have not taken this quiz since the last reset